Score 0/24 Timer 07:00
2 Plays Today
% Correct
Up
86.9%
Home Alone
84.2%
Mary Poppins
73.2%
Psycho
71%
Forrest Gump
67.8%
The Lord of the Rings: The Two Towers
61.5%
Skyfall
57.8%
Gone with the Wind
57.4%
Iron Man 3
56.3%
Mrs. Doubtfire
56.3%
The Incredibles
55.8%
Charlie and the Chocolate Factory
54.5%
% Correct
The Addams Family
47.2%
Django Unchained
44.9%
The Great Gatsby
44.2%
Beetlejuice
42.4%
The Holiday
29.3%
Jumanji
29.3%
Scarface
25.7%
The Exorcist
25.4%
Interstellar
25.2%
Juno
24.3%
Batman Begins
19.6%
North by Northwest
16.4%
Remove Ads.
Support Sporcle.
Get the best of Sporcle when you Go Orange. This ad-free experience offers more features, more stats, and more fun while also helping to support Sporcle. Thank you for becoming a member.

You're not logged in!

Compare scores with friends on all Sporcle quizzes.
OR
Log In

Show Comments

Extras

Top Quizzes Today


Score Distribution

Your Account Isn't Verified!

In order to create a playlist on Sporcle, you need to verify the email address you used during registration. Go to your Sporcle Settings to finish the process.

Report this User

Report this user for behavior that violates our Community Guidelines.

Details: